[Event "9th chPOL Computer Chess blitz"]
[Site "Warszawa"]
[Date "2010.11.27"]
[Round "1.1"]
[White "Armageddon Chess"]
[Black "Glass 1.6 tourn"]
[Result "1-0"]
[WhiteElo "2372"]
[BlackElo "2523"]
[PlyCount "135"]
[EventDate "2010.11.27"]
[EventType "tourn (blitz)"]
[EventCountry "POL"]

1. Nf3 Nf6 2. g3 b6 3. Bg2 Bb7 4. O-O e6 5. d3 d5 6. Nbd2 Nbd7 7. e4 dxe4 8.
Ng5 Be7 9. Ndxe4 c6 10. d4 O-O 11. Qd3 h6 12. Nxf6+ Nxf6 13. Ne4 Qd7 14. Be3
Nd5 15. Rfd1 Nxe3 16. Qxe3 Rad8 17. Bf3 Qc7 18. a3 e5 19. Nc3 exd4 20. Rxd4 Bc5
21. Qf4 Qxf4 22. Rxf4 Rd2 23. Be4 Bd4 24. Re1 Re8 25. Bh7+ Kf8 26. Rxe8+ Kxe8
27. Kf1 Bxc3 28. bxc3 g6 29. Bg8 Rd7 30. Bh7 Rd6 31. Bg8 Rd1+ 32. Ke2 Rd7 33.
Bh7 Re7+ 34. Kd3 c5 35. Rh4 h5 36. Rf4 Rd7+ 37. Ke3 Ke7 38. g4 hxg4 39. Rxg4
Kf6 40. Rh4 Rd8 41. Ra4 a6 42. Rf4+ Kg7 43. Bxg6 fxg6 44. h4 Re8+ 45. Kd3 Re1
46. Kd2 Re4 47. Rxe4 Bxe4 48. c4 Kf6 49. c3 Kf5 50. Ke3 Bg2 51. Kd3 Kf4 52. Ke2
Bh3 53. Kd2 Be6 54. Kd3 Kf3 55. Kd2 Kxf2 56. Kd3 Kf3 57. Kd2 Kg4 58. Kd3 Kxh4
59. Ke4 g5 60. Ke3 g4 61. a4 Bxc4 62. Kf4 g3 63. Kf3 Kh3 64. Ke4 g2 65. Ke5
g1=Q 66. Kd6 Qg6+ 67. Kc7 Bd5 68. Kd8 1-0

[Event "9th chPOL Computer Chess blitz"]
[Site "Warszawa"]
[Date "2010.11.27"]
[Round "1.2"]
[White "Atak"]
[Black "Butcher ver 1.60n1"]
[Result "1-0"]
[WhiteElo "2372"]
[BlackElo "2372"]
[PlyCount "125"]
[EventDate "2010.11.27"]
[EventType "tourn (blitz)"]
[EventCountry "POL"]

1. d4 d5 2. Bg5 c6 3. Nf3 Qb6 4. Qc1 Bg4 5. Nbd2 f6 6. Bf4 Nd7 7. h3 g5 8. Bg3
Bh5 9. a4 Nh6 10. a5 Qd8 11. e3 Bg7 12. a6 b5 13. Bd3 Bg6 14. e4 dxe4 15. Bxe4
Qc8 16. O-O f5 17. Bd3 Nf7 18. Re1 f4 19. Bxg6 hxg6 20. Bh2 Nb6 21. Ne4 g4 22.
hxg4 Qxg4 23. Qxf4 Qxf4 24. Bxf4 Nd5 25. Bd2 O-O-O 26. Nc5 Rh7 27. g3 Rdh8 28.
Kg2 Nd6 29. b3 Nf5 30. Ne6 Bf6 31. Re4 Nc7 32. Nxc7 Kxc7 33. Bb4 Nd6 34. Rg4 g5
35. Bc5 Kb8 36. Re1 Nc8 37. Bb4 Rg8 38. Bd2 Nd6 39. Bxg5 Kc7 40. Rh4 Rhg7 41.
Bxf6 exf6 42. Re6 Rf8 43. Rh5 Kd7 44. d5 c5 45. Rh6 Rgf7 46. g4 Kc7 47. Kg3 Rg7
48. Nh4 Rd8 49. Rhxf6 Rg5 50. c4 bxc4 51. bxc4 Nxc4 52. Rc6+ Kb8 53. Rxc5 Nd2
54. Rb5+ Ka8 55. Re6 Rg7 56. d6 Rdg8 57. f3 Nc4 58. Nf5 Rh7 59. Rc5 Nb6 60. Re7
Rgh8 61. g5 Rh1 62. d7 Rd8 63. Nd6 1-0

[Event "9th chPOL Computer Chess blitz"]
[Site "Warszawa"]
[Date "2010.11.27"]
[Round "1.3"]
[White "Tytan SMP 9.32"]
[Black "nanoSzachy"]
[Result "1-0"]
[WhiteElo "2523"]
[BlackElo "2523"]
[PlyCount "133"]
[EventDate "2010.11.27"]
[EventType "tourn (blitz)"]
[EventCountry "POL"]

1. d4 d5 2. Nf3 c5 3. c4 e6 4. cxd5 exd5 5. g3 Nc6 6. Nc3 c4 7. Bg2 Bb4 8. O-O
Nge7 9. e4 dxe4 10. Nxe4 O-O 11. a3 Ba5 12. Ne5 Nxe5 13. dxe5 Nf5 14. Bf4 Qb6
15. Qa4 h6 16. Nd6 Nxd6 17. exd6 Be6 18. Rad1 Rad8 19. d7 g5 20. Be5 f6 21. Rd6
fxe5 22. Rxb6 Bxb6 23. Qb5 Bd4 24. Bd5 Bxd5 25. Qxd5+ Rf7 26. Qxc4 Rdxd7 27.
Qc2 Rd6 28. Kg2 Rdf6 29. f3 Rc6 30. Qd2 Kg7 31. f4 Rfc7 32. Kh1 gxf4 33. gxf4
Rc2 34. Qd3 Rc1 35. Rxc1 Rxc1+ 36. Kg2 Rc6 37. b4 Ra6 38. b5 Rf6 39. fxe5 Bxe5
40. Qe4 Bf4 41. Qxb7+ Rf7 42. Qd5 Kf6 43. h3 Kg7 44. Qd4+ Kg8 45. a4 Kh7 46. a5
h5 47. b6 axb6 48. axb6 h4 49. b7 Rg7+ 50. Kf3 Bg3 51. Qa7 Rf7+ 52. Kg4 Rg7+
53. Kh5 Bh2 54. b8=Q Bxb8 55. Qxb8 Rf7 56. Kxh4 Rf6 57. Kg5 Rg6+ 58. Kf5 Rg8
59. Qe5 Rg7 60. Kf6 Ra7 61. Qf5+ Kg8 62. Qg5+ Kh7 63. Qg1 Rb7 64. Qg6+ Kh8 65.
Qe8+ Kh7 66. Qe4+ Kh8 67. Qxb7 1-0

[Event "9th chPOL Computer Chess blitz"]
[Site "Warszawa"]
[Date "2010.11.27"]
[Round "2.1"]
[White "Butcher ver 1.60n1"]
[Black "Tytan SMP 9.32"]
[Result "0-1"]
[WhiteElo "2372"]
[BlackElo "2523"]
[PlyCount "152"]
[EventDate "2010.11.27"]
[EventType "tourn (blitz)"]
[EventCountry "POL"]

1. d4 d5 2. c4 c6 3. Nc3 e6 4. e3 Nf6 5. Nf3 Nbd7 6. Bd3 dxc4 7. Bxc4 b5 8. Be2
Bb7 9. a3 b4 10. Na4 a5 11. O-O Be7 12. Bd3 c5 13. Nxc5 Nxc5 14. dxc5 Bxc5 15.
axb4 Bxb4 16. Qa4+ Ke7 17. Rd1 Bxf3 18. gxf3 Qb6 19. e4 Bc5 20. Qc2 Bd4 21. Qe2
Kf8 22. Ra4 Rb8 23. e5 Nd5 24. Be4 Nb4 25. Be3 Bxe3 26. Qxe3 Qb5 27. Rda1 Qxe5
28. Rxa5 Nd5 29. Bxd5 Qxe3 30. fxe3 exd5 31. Rxd5 Ke7 32. Ra7+ Ke6 33. Rdd7
Rhf8 34. Re7+ Kf6 35. Reb7 Rxb7 36. Rxb7 Rd8 37. b4 Rd1+ 38. Kg2 h5 39. h4 Ke6
40. b5 Rd7 41. Rb8 Ke7 42. Kg3 Rd8 43. Rb6 Rd6 44. Ra6 Rd7 45. Rb6 Rd6 46. Ra6
Rd7 47. Rc6 Rb7 48. Rc5 g6 49. Rd5 Rc7 50. e4 Rc1 51. Rd2 Rb1 52. Rd5 Rc1 53.
Re5+ Kd7 54. Kf4 Rc3 55. Rd5+ Ke7 56. Rd4 Rb3 57. Rd5 Rc3 58. Re5+ Kd7 59. Kg3
Rc1 60. Kg2 Rc2+ 61. Kh3 Rc3 62. Rd5+ Ke7 63. Kg2 Rc2+ 64. Kg1 Rb2 65. Kf1 Ke6
66. Kg1 Ke7 67. Rc5 Kd6 68. Rg5 Ke7 69. Rd5 Ke6 70. Kf1 Rc2 71. Kg1 Rb2 72. Kf1
Rc2 73. f4 Rh2 74. b6 Rb2 75. f5+ Ke7 76. Kg1 Rxb6 0-1

[Event "9th chPOL Computer Chess blitz"]
[Site "Warszawa"]
[Date "2010.11.27"]
[Round "2.2"]
[White "Glass 1.6 tourn"]
[Black "Atak"]
[Result "0-1"]
[WhiteElo "2372"]
[BlackElo "2372"]
[PlyCount "114"]
[EventDate "2010.11.27"]
[EventType "tourn (blitz)"]
[EventCountry "POL"]

1. e4 d5 2. exd5 Nf6 3. Bb5+ Bd7 4. Bc4 Bg4 5. f3 Bf5 6. Nc3 c6 7. dxc6 Nxc6 8.
Nge2 e5 9. d3 Bc5 10. Na4 Be7 11. Be3 O-O 12. a3 Nd4 13. O-O Rc8 14. Rc1 b5 15.
Bxd4 bxc4 16. Bxe5 Qa5 17. Bxf6 Bxf6 18. Nac3 cxd3 19. cxd3 Qb6+ 20. d4 Qxb2
21. Nd5 Bg5 22. f4 Bh4 23. Nec3 Be6 24. Rb1 Qxa3 25. Qh5 Rfd8 26. Rfd1 Bxd5 27.
Nxd5 g6 28. Qxh4 Rxd5 29. Ra1 Qd6 30. f5 Rxf5 31. Rxa7 Rc2 32. Re7 Rh5 33. Re8+
Kg7 34. Qg3 Qd5 35. h4 Rxh4 36. Re5 Qd8 37. Rf5 Rc4 38. Rf4 Rxf4 39. Qxf4 Qd5
40. Qd2 h5 41. Qb2 g5 42. Qa2 h4 43. Qd2 Kg6 44. Kh2 Kh6 45. Kg1 Kg7 46. Qa2
Kg6 47. Qa6+ f6 48. Qa2 Qe6 49. Qd2 Qe4 50. Qd3 Qxd3 51. Rxd3 Kf5 52. d5 Ke4
53. Rd2 Rc7 54. Kh2 Rd7 55. d6 Ke5 56. Re2+ Kxd6 57. Re8 Rc7 0-1

[Event "9th chPOL Computer Chess blitz"]
[Site "Warszawa"]
[Date "2010.11.27"]
[Round "2.3"]
[White "Darmenios"]
[Black "Armageddon Chess"]
[Result "1-0"]
[WhiteElo "2433"]
[BlackElo "2372"]
[PlyCount "92"]
[EventDate "2010.11.27"]
[EventType "tourn (blitz)"]
[EventCountry "POL"]

1. e4 c6 2. d4 d5 3. Nc3 dxe4 4. Nxe4 Nd7 5. Bc4 Ngf6 6. Ng5 e6 7. Qe2 Nb6 8.
Bd3 h6 9. N5f3 c5 10. dxc5 Bxc5 11. Ne5 Nbd7 12. Ngf3 Qc7 13. O-O O-O 14. Bf4
Nh5 15. Bd2 Nxe5 16. Nxe5 Nf6 17. Rae1 Bd4 18. c3 Bxe5 19. Qxe5 Qxe5 20. Rxe5
Rd8 21. Re3 Ng4 22. Rg3 Ne5 23. Bxh6 Rxd3 24. Rxg7+ Kh8 25. f4 Nc4 26. Rxf7
Nxb2 27. Re1 Rd5 28. g4 Nd3 29. g5 Kg8 30. g6 Bd7 31. c4 Rd6 32. Rf6 Nxe1 33.
g7 Nf3+ 34. Kf2 Rd2+ 35. Kg3 Kh7 36. Rf8 Kxh6 37. g8=Q Rxf8 38. Qxf8+ Kg6 39.
Kxf3 Bc6+ 40. Ke3 Rxa2 41. h3 Ra6 42. Qe7 Rb6 43. Qxe6+ Kh7 44. f5 Rb3+ 45. Kf4
Rxh3 46. Qg6+ Kh8 1-0

[Event "9th chPOL Computer Chess blitz"]
[Site "Warszawa"]
[Date "2010.11.27"]
[Round "3.1"]
[White "Atak"]
[Black "Darmenios"]
[Result "1-0"]
[WhiteElo "2372"]
[BlackElo "2372"]
[PlyCount "51"]
[EventDate "2010.11.27"]
[EventType "tourn (blitz)"]
[EventCountry "POL"]

1. g3 c5 2. Bg2 Nc6 3. Nf3 g6 4. O-O Bg7 5. d3 Nf6 6. Nc3 d6 7. Bd2 Bd7 8. Qb1
Qc8 9. a3 h6 10. b4 b6 11. b5 Na5 12. e4 O-O 13. Qc1 g5 14. e5 Ng4 15. exd6
exd6 16. h4 f6 17. Re1 Be6 18. Nh2 Ne5 19. Bxa8 Qxa8 20. Ne4 Qd5 21. Bxa5 bxa5
22. Qe3 Bh3 23. hxg5 fxg5 24. Rab1 Qa2 25. Rbc1 Qe6 26. Kh1 1-0

[Event "9th chPOL Computer Chess blitz"]
[Site "Warszawa"]
[Date "2010.11.27"]
[Round "3.2"]
[White "Tytan SMP 9.32"]
[Black "Glass 1.6 tourn"]
[Result "1-0"]
[WhiteElo "2523"]
[BlackElo "2372"]
[PlyCount "69"]
[EventDate "2010.11.27"]
[EventType "tourn (blitz)"]
[EventCountry "POL"]

1. d4 Nf6 2. Nf3 c5 3. d5 e6 4. c4 exd5 5. cxd5 d6 6. Nc3 g6 7. e4 Bg7 8. Bd3
O-O 9. h3 b5 10. Nxb5 Re8 11. O-O Nxe4 12. Qb3 Qb6 13. Qa4 Bd7 14. Qc4 f5 15.
Rb1 Na6 16. a3 Rab8 17. Nc3 Nc7 18. Qa2 Qa5 19. Ne2 Bb5 20. Bxb5 Qxb5 21. Re1
g5 22. Be3 f4 23. Bc1 Bc3 24. Nxc3 Nxc3 25. Rxe8+ Nxe8 26. bxc3 Qxb1 27. Qd2
Qa1 28. Ne1 Nf6 29. Nc2 Qa2 30. Ne1 Qxd2 31. Bxd2 Ne4 32. Nf3 Rb1+ 33. Be1 Nxc3
34. Kf1 Ne4 35. Ke2 1-0

[Event "9th chPOL Computer Chess blitz"]
[Site "Warszawa"]
[Date "2010.11.27"]
[Round "3.3"]
[White "nanoSzachy"]
[Black "Butcher ver 1.60n1"]
[Result "1-0"]
[WhiteElo "2523"]
[BlackElo "2372"]
[PlyCount "129"]
[EventDate "2010.11.27"]
[EventType "tourn (blitz)"]
[EventCountry "POL"]

1. d4 d6 2. Nf3 Bg4 3. c4 Bxf3 4. exf3 g6 5. Nc3 Bg7 6. h4 e6 7. Be3 Ne7 8. Qb3
Qc8 9. O-O-O O-O 10. h5 Nbc6 11. d5 exd5 12. Nxd5 Nf5 13. g3 Qd8 14. Qxb7 Qe8
15. Rd2 Rb8 16. Qxc7 Rc8 17. Qb7 Ne5 18. h6 Bh8 19. g4 Rb8 20. Qxa7 Ra8 21. Qb7
Rb8 22. Qxb8 Qxb8 23. gxf5 Re8 24. Be2 Qc8 25. fxg6 fxg6 26. Rh4 Qb7 27. Re4
Rd8 28. f4 Nf7 29. f5 gxf5 30. Re7 Qc6 31. Rc7 Qa4 32. Ra7 Qe8 33. Bd3 Rd7 34.
Rxd7 Qxd7 35. Bxf5 Qd8 36. Rd1 Qh4 37. c5 Qa4 38. Rg1+ Kf8 39. Kb1 Qb5 40. b3
Qe2 41. Bc2 Qh5 42. Rd1 Qe5 43. Bd4 Qe6 44. Bxh8 Nxh8 45. c6 Ng6 46. c7 Ne7 47.
Nxe7 Kxe7 48. Rc1 Qc8 49. Bxh7 Kf6 50. Bd3 d5 51. Rc6+ Kf7 52. Ba6 Qf5+ 53. Kb2
Qe5+ 54. Ka3 Qe1 55. c8=Q Qa5+ 56. Kb2 Qd2+ 57. Rc2 Qd4+ 58. Ka3 Qf6 59. Rc7+
Kg6 60. Bd3+ Kg5 61. Rg7+ Qxg7 62. hxg7 Kf6 63. g8=Q Ke5 64. Qh8+ Kf4 65. Qf6#
1-0

[Event "9th chPOL Computer Chess blitz"]
[Site "Warszawa"]
[Date "2010.11.27"]
[Round "4.1"]
[White "Glass 1.6 tourn"]
[Black "nanoSzachy"]
[Result "1-0"]
[WhiteElo "2372"]
[BlackElo "2523"]
[PlyCount "121"]
[EventDate "2010.11.27"]
[EventType "tourn (blitz)"]
[EventCountry "POL"]

1. d4 d5 2. Nf3 Bg4 3. c4 Nc6 4. cxd5 Bxf3 5. gxf3 Qxd5 6. e3 e5 7. Nc3 Bb4 8.
Bd2 Bxc3 9. bxc3 Qd6 10. Rb1 b6 11. f4 exf4 12. e4 Nge7 13. Qf3 Qa3 14. Qxf4
Qxa2 15. Rd1 Qc2 16. Rc1 Qa4 17. Qxc7 O-O 18. Be2 Rfc8 19. Qg3 Na5 20. Rg1 g6
21. Bh6 f6 22. Qf4 Kf7 23. Bf3 Qc4 24. e5 Nf5 25. Be4 Rg8 26. Rc2 Qe6 27. c4
Nxc4 28. d5 Qxe5 29. Rxc4 Nxh6 30. Rc7+ Kf8 31. Qxh6+ Ke8 32. Rc4 f5 33. Qxh7
Kf8 34. Qh6+ Qg7 35. Qxg7+ Rxg7 36. Bh1 g5 37. Rc6 Re8+ 38. Kd2 g4 39. Bg2 f4
40. Bf1 Kg8 41. d6 Rd8 42. Bc4+ Kf8 43. Be6 Rg6 44. d7 Ke7 45. Re1 Rxe6 46.
Rexe6+ Kf7 47. Rf6+ Ke7 48. Rxf4 Kxd7 49. Rd4+ Kxc6 50. Rxd8 b5 51. Rg8 b4 52.
Rxg4 b3 53. Rg3 a5 54. Rxb3 a4 55. Ra3 Kd6 56. Rxa4 Ke7 57. h4 Ke6 58. Ra1 Kf7
59. Rg1 Ke6 60. Ke3 Kf5 61. h5 1-0

[Event "9th chPOL Computer Chess blitz"]
[Site "Warszawa"]
[Date "2010.11.27"]
[Round "4.2"]
[White "Darmenios"]
[Black "Tytan SMP 9.32"]
[Result "0-1"]
[WhiteElo "2372"]
[BlackElo "2523"]
[PlyCount "150"]
[EventDate "2010.11.27"]
[EventType "tourn (blitz)"]
[EventCountry "POL"]

1. e4 e5 2. Nf3 Nc6 3. Bb5 Nf6 4. Nc3 Nd4 5. Ba4 Bc5 6. Nxe5 O-O 7. Nd3 Bb6 8.
e5 Ne8 9. Nd5 d6 10. c3 Qh4 11. Ne3 Qe4 12. Nb4 Nf5 13. O-O Nxe3 14. fxe3 dxe5
15. Qh5 Bg4 16. Qh4 Bf5 17. Qg5 Be6 18. Bc2 Qg4 19. Qxg4 Bxg4 20. Nd5 Bc5 21.
d4 c6 22. Nf4 exd4 23. cxd4 Bb6 24. h3 Bc8 25. Bd2 Nf6 26. Rae1 Rd8 27. Bc3 h6
28. Bb3 Rd7 29. Ng6 a5 30. Ne5 Re7 31. Nxf7 a4 32. Bc4 Rxf7 33. e4 a3 34. b3
Bd7 35. Bxf7+ Kxf7 36. e5 Re8 37. exf6 Rxe1 38. Rxe1 Kxf6 39. Kh2 Kf7 40. Bb4
Kf6 41. Be7+ Kg6 42. Bc5 Bxc5 43. dxc5 Kf6 44. Rf1+ Ke5 45. Rf7 Be6 46. Rxb7 g6
47. Re7 Kd5 48. g4 h5 49. Kg3 hxg4 50. hxg4 g5 51. Kf3 Ke5 52. Kg3 Kd5 53. Kf3
Ke5 54. Kf2 Kd5 55. Kg3 Ke5 56. Ra7 Kd4 57. Rxa3 Bd5 58. Ra5 Be6 59. Ra4+ Kd5
60. Ra7 Kxc5 61. Ra5+ Kd4 62. Rxg5 c5 63. Rg6 Bf7 64. Rf6 Bg8 65. g5 Ke5 66.
Rb6 Bd5 67. g6 Bg8 68. a4 c4 69. bxc4 Bxc4 70. g7 Bg8 71. a5 Kd5 72. a6 Kc5 73.
Rb2 Be6 74. a7 Bd5 75. Rc2+ Kd6 0-1

[Event "9th chPOL Computer Chess blitz"]
[Site "Warszawa"]
[Date "2010.11.27"]
[Round "4.3"]
[White "Armageddon Chess"]
[Black "Atak"]
[Result "1-0"]
[WhiteElo "2372"]
[BlackElo "2372"]
[PlyCount "151"]
[EventDate "2010.11.27"]
[EventType "tourn (blitz)"]
[EventCountry "POL"]

1. d4 g6 2. e4 Bg7 3. Nc3 d6 4. f4 Nf6 5. Nf3 O-O 6. Bd3 Na6 7. O-O c5 8. d5
Rb8 9. Qe2 Nc7 10. a4 Na6 11. Nb5 Bd7 12. c4 Nb4 13. Nxa7 Qa5 14. Nb5 Nxd3 15.
Qxd3 Bxb5 16. cxb5 Qb4 17. Re1 c4 18. Qd4 Nd7 19. e5 Ra8 20. Bd2 Qc5 21. Be3
Qb4 22. Rec1 Rfc8 23. Rab1 Rxa4 24. b3 Ra2 25. bxc4 Qa3 26. Bf2 Nc5 27. Rd1 Qa4
28. h3 Nb3 29. Qb6 Qxc4 30. Qxb7 Bf8 31. b6 Qe2 32. Rf1 Rc4 33. Qd7 Rb4 34. e6
fxe6 35. b7 Nc5 36. Qxe6+ Qxe6 37. Rxb4 Qxd5 38. b8=Q Na6 39. Rb5 Qxf3 40.
Qxf8+ Kxf8 41. gxf3 Nc7 42. Rb8+ Kf7 43. Rh8 Kg7 44. Bd4+ Kh6 45. Re1 Nd5 46.
f5 gxf5 47. Re6+ Kg5 48. Rxh7 Kf4 49. Rh5 Rc2 50. Bg7 Rc1+ 51. Kf2 Rc2+ 52. Ke1
Rc1+ 53. Kd2 Rc5 54. Bh6+ Kxf3 55. Rxf5+ Kg2 56. Bf8 Ra5 57. Rg5+ Kf3 58. Bxe7
Ra2+ 59. Kc1 Nxe7 60. Rxe7 Kf4 61. Rd5 Rh2 62. Rxd6 Rxh3 63. Rf6+ Kg5 64. Rf8
Kg6 65. Kd2 Ra3 66. Re6+ Kg7 67. Ref6 Ra7 68. Ke3 Re7+ 69. Kf4 Ra7 70. Kg5 Ra5+
71. Rf5 Ra7 72. Rf4 Rd7 73. R8f5 Rb7 74. Rg4 Rb6 75. Kh5+ Kh8 76. Rgf4 1-0

[Event "9th chPOL Computer Chess blitz"]
[Site "Warszawa"]
[Date "2010.11.27"]
[Round "5.1"]
[White "Tytan SMP 9.32"]
[Black "Armageddon Chess"]
[Result "1/2-1/2"]
[WhiteElo "2523"]
[BlackElo "2372"]
[PlyCount "165"]
[EventDate "2010.11.27"]
[EventType "tourn (blitz)"]
[EventCountry "POL"]

1. d4 Nf6 2. c4 e6 3. Nf3 d5 4. Nc3 Be7 5. Bf4 O-O 6. e3 c5 7. dxc5 Bxc5 8.
cxd5 Nxd5 9. Nxd5 exd5 10. Bd3 Bb4+ 11. Ke2 Nc6 12. Qc2 g6 13. Rhd1 Bg4 14. Bc4
Rc8 15. Rxd5 Qxd5 16. Bxd5 Nd4+ 17. exd4 Rxc2+ 18. Ke3 Rxb2 19. Be5 Bc3 20. h3
Bd7 21. Rd1 Bb5 22. Ng5 Be2 23. Ra1 Ba6 24. Rd1 Re2+ 25. Kf3 Rxe5 26. dxe5 Bxe5
27. Re1 Bd4 28. Rd1 Bf6 29. Ne4 Be7 30. Rc1 Rd8 31. Bb3 Bb5 32. Rc7 Rd3+ 33.
Kf4 Rd7 34. Rxd7 Bxd7 35. Bd5 b5 36. Ke5 Kg7 37. f4 f6+ 38. Kd4 Bd8 39. Kd3 Bb6
40. Ke2 f5 41. Ng5 b4 42. Nf7 Bb5+ 43. Kf3 Kf6 44. Ne5 Bd4 45. g4 g5 46. Nc6
Bc5 47. gxf5 Kxf5 48. Be4+ Kf6 49. fxg5+ Kxg5 50. Ne5 Bf1 51. Nd3 Be7 52. Bxh7
Bxh3 53. Bg8 Bf5 54. Ke3 a5 55. Kd4 Bf6+ 56. Kc4 Bd8 57. Nxb4 axb4 58. Kxb4 Kf6
59. a4 Ke5 60. a5 Be4 61. Kc5 Be7+ 62. Kc4 Bg5 63. a6 Be3 64. Kb5 Ba7 65. Kc4
Bb1 66. Kc3 Bf5 67. Bc4 Bg4 68. Bb5 Kd5 69. Kb4 Kd4 70. Bc6 Be6 71. Bb7 Bc4 72.
Bc6 Be2 73. Bb5 Bg4 74. Bc6 Bf5 75. Bb7 Bd3 76. Bc6 Bc4 77. Bb7 Bf1 78. Bc6 Bd3
79. Bb7 Be2 80. Bc6 Bc4 81. Bb7 Bf1 82. Bc6 Bc4 83. Bb7 1/2-1/2

[Event "9th chPOL Computer Chess blitz"]
[Site "Warszawa"]
[Date "2010.11.27"]
[Round "5.2"]
[White "nanoSzachy"]
[Black "Darmenios"]
[Result "1-0"]
[WhiteElo "2557"]
[BlackElo "2433"]
[PlyCount "113"]
[EventDate "2010.11.27"]
[EventType "tourn (blitz)"]
[EventCountry "POL"]

1. e4 e5 2. Nc3 Bc5 3. Nf3 d6 4. Bb5+ c6 5. Bc4 Nf6 6. O-O b5 7. Bb3 O-O 8. d3
a5 9. a4 b4 10. Ne2 Bg4 11. Ng3 Nbd7 12. Bg5 h6 13. Bd2 d5 14. h3 Nh5 15. Nxh5
Bxh5 16. exd5 Rc8 17. dxc6 Rxc6 18. Qe2 Rf6 19. g4 Bg6 20. g5 hxg5 21. Nxg5 Bd4
22. c3 bxc3 23. bxc3 Bb6 24. Ne4 Nc5 25. Nxf6+ Qxf6 26. Bc4 Rd8 27. Be3 Bxd3
28. Bxd3 Nxd3 29. Qg4 Qc6 30. Qg2 Qe6 31. Rab1 Bc7 32. Rb7 Rc8 33. Rfb1 Bd6 34.
Qe4 Nc5 35. Bxc5 Bxc5 36. Qg4 Qxg4+ 37. hxg4 Bd6 38. R7b6 Bf8 39. Rb8 Rc7 40.
R1b7 Rc4 41. g5 g6 42. Ra7 Rg4+ 43. Kf1 Rxg5 44. Raa8 Kg7 45. Rxf8 Rg4 46. Rg8+
Kh7 47. Rge8 Rxa4 48. Rxe5 Kh6 49. Rexa5 Rc4 50. Rh8+ Kg7 51. Rh3 Rf4 52. Ke2
Re4+ 53. Re3 Rf4 54. Ra7 Kh6 55. Rf3 Re4+ 56. Kd3 f5 57. Rh3+ 1-0

[Event "9th chPOL Computer Chess blitz"]
[Site "Warszawa"]
[Date "2010.11.27"]
[Round "5.3"]
[White "Butcher ver 1.60n1"]
[Black "Glass 1.6 tourn"]
[Result "1-0"]
[WhiteElo "2372"]
[BlackElo "2372"]
[PlyCount "163"]
[EventDate "2010.11.27"]
[EventType "tourn (blitz)"]
[EventCountry "POL"]

1. Nf3 c5 2. c4 Nf6 3. g3 e6 4. Bg2 d5 5. O-O Nc6 6. d4 Ne4 7. e3 Be7 8. dxc5
O-O 9. Nd4 Bxc5 10. Nxc6 bxc6 11. Qc2 Qd6 12. a3 a5 13. Bxe4 dxe4 14. Qxe4 e5
15. Nd2 Bh3 16. Re1 Qe6 17. Nf3 f6 18. Nd2 Bf5 19. Qf3 e4 20. Qd1 a4 21. Qc2
Qe5 22. Ra2 Bd6 23. b3 axb3 24. Nxb3 c5 25. Rd1 Bg4 26. Rd5 Qe7 27. a4 Be6 28.
Rd2 Bf7 29. Bb2 Rfb8 30. Rd1 Qe6 31. Nd2 Bh5 32. Rb1 Re8 33. Raa1 Qh3 34. Qc1
Be2 35. Bc3 Re7 36. a5 Rea7 37. Rb6 Bc7 38. Rc6 Bxa5 39. Bxa5 Rxa5 40. Rxa5
Rxa5 41. Nb3 Ra3 42. Rb6 Ra8 43. Nd2 Rd8 44. Rb2 Bd3 45. Ra2 Qc8 46. Nb3 Qf5
47. Ra5 Rc8 48. Qa3 Qf3 49. Qa1 Qh5 50. Qc1 Be2 51. Rb5 Qe5 52. Qc2 Bd3 53. Qc1
Qf5 54. Qa3 Qh5 55. Qc1 h6 56. Kg2 Qf5 57. Nd4 Qg4 58. Nb3 Qh5 59. Kg1 Kh7 60.
Ra5 Rc7 61. Rb5 Qf5 62. Qc3 Qf3 63. Qe1 Bxc4 64. Rxc5 Rxc5 65. Nxc5 Qf5 66. Qb4
Qd5 67. Kg2 f5 68. Na4 Be2 69. Qe1 Bf3+ 70. Kg1 Bg4 71. Qc1 Qf7 72. Nc5 Bh3 73.
Qa1 Qd5 74. Qd4 Qc6 75. Qc3 Qb6 76. Qc1 Qc7 77. Qc4 Qc8 78. Qd5 Qb8 79. Qd1 Qg8
80. Nb3 Bg4 81. Qc2 Qb8 82. Nd4 1-0

[Event "9th chPOL Computer Chess blitz"]
[Site "Warszawa"]
[Date "2010.11.27"]
[Round "6.1"]
[White "Darmenios"]
[Black "Butcher ver 1.60n1"]
[Result "0-1"]
[WhiteElo "2372"]
[BlackElo "2372"]
[PlyCount "144"]
[EventDate "2010.11.27"]
[EventType "tourn (blitz)"]
[EventCountry "POL"]

1. e4 e5 2. Nf3 Nc6 3. Bb5 a6 4. Ba4 Nf6 5. O-O Nxe4 6. d4 b5 7. Bb3 d5 8. dxe5
Be6 9. Nbd2 Nc5 10. c3 d4 11. Bxe6 Nxe6 12. cxd4 Ncxd4 13. Nb3 Nxb3 14. Qxb3
Bc5 15. Rd1 Qe7 16. a4 b4 17. Be3 Bxe3 18. Qxe3 O-O 19. Nd4 Nxd4 20. Rxd4 Rfd8
21. Rad1 Rxd4 22. Qxd4 Re8 23. f4 g5 24. Rf1 Rd8 25. Qc4 Rd2 26. b3 gxf4 27.
Qxf4 Qc5+ 28. Kh1 Qd5 29. Qg4+ Kh8 30. Qc8+ Kg7 31. Qg4+ Kh8 32. e6 h5 33. exf7
Qxf7 34. Qc8+ Qg8 35. Qb7 Qd5 36. Qb8+ Qg8 37. Qb7 Qd5 38. Qxd5 Rxd5 39. Kg1
Rd3 40. Rf8+ Kg7 41. Rc8 Rc3 42. Kf2 h4 43. a5 c5 44. Rc6 h3 45. gxh3 Rxb3 46.
Rxc5 Rxh3 47. Rc7+ Kf8 48. Rc6 Rxh2+ 49. Ke3 Ra2 50. Rxa6 b3 51. Kd3 Ke8 52.
Kc3 Rc2+ 53. Kxb3 Rc8 54. Ra7 Kd8 55. Rg7 Rb8+ 56. Ka4 Kc8 57. a6 Rb6 58. a7
Ra6+ 59. Kb5 Ra3 60. Kb6 Rb3+ 61. Kc5 Ra3 62. Re7 Ra6 63. Kb5 Ra3 64. Rf7 Ra2
65. Kc4 Ra6 66. Re7 Ra5 67. Rf7 Ra6 68. Re7 Ra5 69. Rg7 Ra6 70. Rf7 Ra5 71. Kd4
Ra6 72. Kc5 Ra3 0-1

[Event "9th chPOL Computer Chess blitz"]
[Site "Warszawa"]
[Date "2010.11.27"]
[Round "6.2"]
[White "Armageddon Chess"]
[Black "nanoSzachy"]
[Result "1/2-1/2"]
[WhiteElo "2372"]
[BlackElo "2557"]
[PlyCount "125"]
[EventDate "2010.11.27"]
[EventType "tourn (blitz)"]
[EventCountry "POL"]

1. e4 e5 2. Nf3 Nf6 3. Nxe5 d6 4. Nf3 Nxe4 5. d4 d5 6. Bd3 Nc6 7. O-O Be7 8. c4
Nf6 9. Nc3 O-O 10. c5 Bg4 11. Be3 Bxc5 12. dxc5 d4 13. Bxd4 Nxd4 14. Bxh7+ Kxh7
15. Qxd4 Bxf3 16. Qxd8 Raxd8 17. gxf3 Nd7 18. c6 bxc6 19. Rfe1 Rfe8 20. Rad1
Rxe1+ 21. Rxe1 Nc5 22. Re5 Ne6 23. Ra5 Rd2 24. b3 Rd3 25. Ne4 Kg6 26. Kg2 f5
27. Nc5 Nf4+ 28. Kg3 Ne2+ 29. Kg2 Rd5 30. b4 Nf4+ 31. Kg3 Nh5+ 32. Kh3 Kg5 33.
Rxa7 Nf4+ 34. Kg3 Ne2+ 35. Kg2 Nf4+ 36. Kg3 Ne2+ 37. Kh3 Rd1 38. f4+ Kh6 39.
Kg2 Nxf4+ 40. Kf3 Nd5 41. a3 g6 42. Ra6 Ra1 43. Nd3 Kh5 44. Ra8 g5 45. h3 Rb1
46. Ke2 Ra1 47. Ne5 Kh6 48. Nxc6 Nf4+ 49. Kd2 Rf1 50. Nd4 Rxf2+ 51. Ke3 Rh2 52.
Nxf5+ Kg6 53. Ke4 Rxh3 54. Ra6+ Kh7 55. Nd4 Rc3 56. Nb5 Rc1 57. Kf5 c5 58. Kxg5
cxb4 59. Kxf4 b3 60. a4 b2 61. Na3 Ra1 62. Rb6 Rxa3 63. Rxb2 1/2-1/2

[Event "9th chPOL Computer Chess blitz"]
[Site "Warszawa"]
[Date "2010.11.27"]
[Round "6.3"]
[White "Atak"]
[Black "Tytan SMP 9.32"]
[Result "1/2-1/2"]
[WhiteElo "2372"]
[BlackElo "2523"]
[PlyCount "130"]
[EventDate "2010.11.27"]
[EventType "tourn (blitz)"]
[EventCountry "POL"]

1. Nf3 d5 2. d4 Nf6 3. e3 g6 4. c4 c6 5. Bd3 a6 6. O-O Bg7 7. Nc3 O-O 8. Bd2 b5
9. cxd5 cxd5 10. Ne5 Bb7 11. a4 b4 12. Qb3 a5 13. f3 Nc6 14. Nxc6 Bxc6 15. Nb5
Qb6 16. Qd1 e6 17. Rc1 Rac8 18. Qe1 Nd7 19. Qh4 e5 20. Kh1 Bf6 21. Qg4 Rfd8 22.
Nd6 Rb8 23. b3 Bxa4 24. Nxf7 Kxf7 25. bxa4 exd4 26. Qh3 dxe3 27. Qxh7+ Bg7 28.
Bxe3 Qxe3 29. Qxg6+ Kg8 30. Qh7+ Kf8 31. Qf5+ Nf6 32. Rc7 Qb6 33. Rxg7 Kxg7 34.
Qg5+ Kf7 35. Qg6+ Kf8 36. Qh6+ Kg8 37. Qg5+ Kh8 38. Qh4+ Nh5 39. Qxh5+ Kg7 40.
Qg4+ Kf7 41. Re1 Qf6 42. Qh5+ Kf8 43. g4 b3 44. g5 Qc3 45. Re6 Rb7 46. f4 b2
47. Qh6+ Qg7 48. Rf6+ Rf7 49. Rxf7+ Kxf7 50. Qc6 Kg8 51. Kg2 Qd4 52. Qe6+ Kf8
53. g6 Qxf4 54. g7+ Kxg7 55. Qe7+ Kh6 56. Qh7+ Kg5 57. Qg6+ Kh4 58. Qh7+ Kg5
59. Qg6+ Kh4 60. Qh7+ Kg4 61. h3+ Kg5 62. Qg6+ Kh4 63. Qh7+ Kg5 64. Qg6+ Kh4
65. Qh7+ Kg5 1/2-1/2